| 000 | 00928cab a2200253 4500 | ||
|---|---|---|---|
| 001 | WB2811-52 | ||
| 008 | 090401t1992 xxu||||| |||| 00| 0 eng d | ||
| 035 | _a(Sirsi) u55858 | ||
| 041 | _aeng | ||
| 245 | _aCabot Square valuation | ||
| 260 | _c1992 | ||
| 350 | _a0 | ||
| 490 |
_aDaily Telegraph _v10 March 1992, 27(1) |
||
| 520 | _aThe enterprise zone trust, Cabot Square Trust, has been valued by Hillier Parker according to the Red Book, although comments on the security of the investment are not included in the report because of confidentiality required by the developers, Olympia and York. | ||
| 650 | _aCABOT SQUARE TRUST | ||
| 650 | _aCONFIDENTIALITY CLAUSES | ||
| 650 | _aENTERPRISE ZONE TRUSTS | ||
| 650 | _aRICS APPRAISAL AND VALUATION MANUAL | ||
| 650 | _aSTATEMENTS OF ASSET VALUATION PRACTICE | ||
| 650 |
_aValuation _96273 |
||
| 690 | _aRATING AND VALUATION | ||
| 942 | _n0 | ||
| 948 | _c04/03/1997 | ||
| 999 |
_c34141 _d34141 |
||